000
00277 a2200145 4500
001
172611
020
_a
040
_c
Magnum
100
_a
Málus
240
1
0
_a
O sapato do sapo
_l
por
245
1
0
_a
O sapato do sapo
362
0
_a
1899
697
_a
I/ANIMAIS
942
_c
BK
999
_c
172611
_d
172611